00599cam a22002051 4500001001300000003000400013005001700017008004100034010001700075035002000092040002300112042001200135050002000147110002900167245005500196260005100251300003300302500004100335999001700376ca 36000395 DLC20260227111141.0880802s1936 wiua j 000 1 eng  aca 36000395  a(OCoLC)18298531 aDLCcRPBdRPBdDLC apremarc00aPZ10.3.D632bAb2 aWalt Disney Productions.10aA B C Mickey Mouse alphabet book,cby Walt Disney. aRacine, Wis.,bWhitman Publishing Co.c[c1936] a[32] p.bcol. illus.c24 cm. aLining-papers illustrated in colors. c18077d18077